National Statuary Hall Collection - Statistics

General Stats
  • This quiz has been taken 3 times
  • The average score is 39 of 100
Answer Stats
Answer % Correct
Daniel Webster
100%
George Clinton
100%
George Washington
100%
Henry Clay
100%
Samuel Adams
100%
Alexander Stephens
50%
Andrew Jackson
50%
Barry Goldwater
50%
Bob Bartlett
50%
Brigham Young
50%
Caesar Rodney
50%
Charles Aycock
50%
Charles Carroll
50%
Charles Marion Russell
50%
Crawford Long
50%
Dwight Eisenhower
50%
Ernest Gruening
50%
Ethan Allen
50%
Eusibio Kino
50%
Father Damien
50%
Florence Sabin
50%
Francis Preston Blair, Jr.
50%
Gerald Ford
50%
Hannibal Hamlin
50%
Helen Keller
50%
Huey Long
50%
Jack Swigert
50%
Jacob Collamer
50%
Jacques Marquette
50%
James Garfield
50%
James Shields
50%
Jason Lee
50%
Jeannette Rankin
50%
John C. Calhoun
50%
John Clayton
50%
John Gorrie
50%
John Hanson
50%
John James Ingalls
50%
John Peter Gabriel Muhlenberg
50%
John Stark
50%
Jonathan Trumbull
50%
Joseph Wheeler
50%
Julius Sterling Morton
50%
Junipero Serra
50%
Kamehameha I
50%
Lewis Cass
50%
Mother Joseph
50%
Nathanael Greene
50%
Norman Borlaug
50%
Oliver Morton
50%
Patrick McCarran
50%
Philip Kearny
50%
Philo T. Farnsworth
50%
Po'pay
50%
Robert E. Lee
50%
Robert Fulton
50%
Robert La Follette
50%
Robert Livingston
50%
Roger Sherman
50%
Roger Williams
50%
Ronald Reagan
50%
Sam Houston
50%
Sarah Winnemucca
50%
Sequoyah
50%
Stephen F. Austin
50%
Thomas Edison
50%
Thomas Hart Benton
50%
Uriah Rose
50%
William Edgar Borah
50%
William Jennings Bryan
50%
William King
50%
Will Rogers
50%
Zebulon Vance
50%
Dennis Chavez
0%
Edmund Kirby Smith
0%
Edward Douglass White
0%
Ephraim McDowell
0%
Esther Hobart Morris
0%
Frances Willard
0%
Francis Pierpont
0%
George Laird Shoup
0%
Henry Mower Rice
0%
James Clarke
0%
James George
0%
Jefferson Davis
0%
John Burke
0%
John Kenna
0%
John McLoughlin
0%
John Sevier
0%
John Winthrop
0%
Joseph Ward
0%
Lewis Wallace
0%
Marcus Whitman
0%
Maria Sanford
0%
Richard Stockton
0%
Sakagawea
0%
Samuel Jordan Kirkwood
0%
Wade Hampton
0%
Washakie
0%
William Henry Harrison Beadle
0%
No matching quizzes found
Score Distribution
Percent of People with Each Score
Percentile by Number Answered
Your Score History
You have not taken this quiz